<?xml version="1.0" encoding="UTF-8"?>
<record
    xmlns:xsi="http://www.w3.org/2001/XMLSchema-instance"
    xsi:schemaLocation="http://www.loc.gov/MARC21/slim http://www.loc.gov/standards/marcxml/schema/MARC21slim.xsd"
    xmlns="http://www.loc.gov/MARC21/slim">

  <leader>01179nam0a22003011  4500</leader>
  <controlfield tag="001">RU\NLR\INFOCOMM_253\5000040095</controlfield>
  <controlfield tag="005">20250810064124.0</controlfield>
  <datafield tag="035" ind1=" " ind2=" ">
    <subfield code="a">(NLR Aleph) 009328738</subfield>
  </datafield>
  <datafield tag="090" ind1=" " ind2=" ">
    <subfield code="a">9440555</subfield>
    <subfield code="c">9440555</subfield>
  </datafield>
  <datafield tag="100" ind1=" " ind2=" ">
    <subfield code="a">20100930d1943    u  y0rusy50      ca</subfield>
  </datafield>
  <datafield tag="101" ind1="0" ind2=" ">
    <subfield code="a">fre</subfield>
  </datafield>
  <datafield tag="102" ind1=" " ind2=" ">
    <subfield code="a">RU</subfield>
  </datafield>
  <datafield tag="105" ind1=" " ind2=" ">
    <subfield code="a">y   ||||000|y</subfield>
  </datafield>
  <datafield tag="200" ind1="1" ind2=" ">
    <subfield code="a">Destin de l'Europe</subfield>
    <subfield code="f">Ilya Ehrenbourg</subfield>
  </datafield>
  <datafield tag="210" ind1=" " ind2=" ">
    <subfield code="a">Moscou</subfield>
    <subfield code="c">&#xC9;d. en langues &#xE9;trang&#xE8;res</subfield>
    <subfield code="d">1943</subfield>
  </datafield>
  <datafield tag="215" ind1=" " ind2=" ">
    <subfield code="a">48 &#x441;.</subfield>
    <subfield code="d">16 &#x441;&#x43C;</subfield>
  </datafield>
  <datafield tag="300" ind1=" " ind2=" ">
    <subfield code="a">&#x41D;&#x430; 4-&#x439; &#x441;. &#x43E;&#x431;&#x43B;.: &#x418;&#x43B;&#x44C;&#x44F; &#x42D;&#x440;&#x435;&#x43D;&#x431;&#x443;&#x440;&#x433;. &#x421;&#x443;&#x434;&#x44C;&#x431;&#x430; &#x415;&#x432;&#x440;&#x43E;&#x43F;&#x44B;</subfield>
  </datafield>
  <datafield tag="606" ind1=" " ind2=" ">
    <subfield code="a">&#x41E;&#x442;&#x435;&#x447;&#x435;&#x441;&#x442;&#x432;&#x435;&#x43D;&#x43D;&#x430;&#x44F; &#x432;&#x43E;&#x439;&#x43D;&#x430;</subfield>
    <subfield code="y">&#x41E;&#x43A;&#x43A;&#x443;&#x43F;&#x438;&#x440;&#x43E;&#x432;&#x430;&#x43D;&#x43D;&#x44B;&#x435; &#x440;&#x430;&#x439;&#x43E;&#x43D;&#x44B; &#x421;&#x421;&#x421;&#x420;</subfield>
    <subfield code="z">1941</subfield>
    <subfield code="2">nlr_sh1</subfield>
  </datafield>
  <datafield tag="607" ind1=" " ind2=" ">
    <subfield code="a">&#x415;&#x432;&#x440;&#x43E;&#x43F;&#x435;&#x439;&#x441;&#x43A;&#x438;&#x435; &#x433;&#x43E;&#x441;&#x443;&#x434;&#x430;&#x440;&#x441;&#x442;&#x432;&#x430;</subfield>
    <subfield code="x">&#x413;&#x435;&#x440;&#x43C;&#x430;&#x43D;&#x441;&#x43A;&#x430;&#x44F; &#x43E;&#x43A;&#x43A;&#x443;&#x43F;&#x430;&#x446;&#x438;&#x44F;</subfield>
    <subfield code="z">1939-</subfield>
    <subfield code="2">nlr_sh1</subfield>
  </datafield>
  <datafield tag="700" ind1=" " ind2="1">
    <subfield code="4">070</subfield>
    <subfield code="7">ba</subfield>
    <subfield code="8">rus</subfield>
    <subfield code="a">&#xC9;renburg</subfield>
    <subfield code="b">I. G.</subfield>
    <subfield code="f">1891-1967</subfield>
    <subfield code="g">Il'ja Grigor'evi&#x10D;</subfield>
    <subfield code="9">249298</subfield>
    <subfield code="3">RU\NLR\AUTH\770249354</subfield>
  </datafield>
  <datafield tag="790" ind1=" " ind2="1">
    <subfield code="9">z02700</subfield>
    <subfield code="a">Ehrenbourg</subfield>
    <subfield code="b">I.</subfield>
    <subfield code="g">Ilya</subfield>
    <subfield code="4">070</subfield>
  </datafield>
  <datafield tag="801" ind1=" " ind2="1">
    <subfield code="a">RU</subfield>
    <subfield code="b">NLR</subfield>
    <subfield code="c">20100930</subfield>
  </datafield>
  <datafield tag="801" ind1=" " ind2="0">
    <subfield code="a">RU</subfield>
    <subfield code="b">NLR</subfield>
    <subfield code="g">PSBO</subfield>
  </datafield>
  <datafield tag="852" ind1=" " ind2=" ">
    <subfield code="a">NLR</subfield>
    <subfield code="j">&#x418;25 &#x413;-2/13</subfield>
    <subfield code="y">3 &#x44D;&#x43A;&#x437;.</subfield>
  </datafield>
  <datafield tag="942" ind1=" " ind2=" ">
    <subfield code="c">BOOK</subfield>
  </datafield>
  <datafield tag="945" ind1=" " ind2=" ">
    <subfield code="a">&#x420;&#x43E;&#x441;&#x441;&#x438;&#x439;&#x441;&#x43A;&#x430;&#x44F; &#x43D;&#x430;&#x446;&#x438;&#x43E;&#x43D;&#x430;&#x43B;&#x44C;&#x43D;&#x430;&#x44F; &#x431;&#x438;&#x431;&#x43B;&#x438;&#x43E;&#x442;&#x435;&#x43A;&#x430;</subfield>
  </datafield>
  <datafield tag="980" ind1=" " ind2=" ">
    <subfield code="a">NB</subfield>
  </datafield>
  <datafield tag="980" ind1=" " ind2=" ">
    <subfield code="a">BV</subfield>
  </datafield>
  <datafield tag="995" ind1=" " ind2=" ">
    <subfield code="5">2013-10-26</subfield>
    <subfield code="b">NLR01</subfield>
    <subfield code="c">NLR01</subfield>
    <subfield code="e">IF</subfield>
    <subfield code="f">9328738-10</subfield>
    <subfield code="k">&#x418;25 &#x413;-2/13</subfield>
    <subfield code="o">0</subfield>
    <subfield code="r">BOOK</subfield>
    <subfield code="s">25_213</subfield>
  </datafield>
</record>
